Prototype SD modulators with switched transconductance amplifier / (Rekord nr 9656)
| 000 -ETYKIETA REKORDU | |
|---|---|
| podpole kontrolne o stałej długości | 00866naa a22001817a 4500 |
| 001 - NUMER KONTROLNY REKORDU | |
| podpole kontrolne | 9656 |
| 003 - IDENTYFIKATOR NUMERU KONTROLNEGO REKORDU | |
| podpole kontrolne | KOSZ 005 |
| 005 - DATA OSTATNIEJ MODYFIKACJI REKORDU | |
| podpole kontrolne | 20180405114359.0 |
| 008 - POLE O STAŁEJ DŁUGOŚCI - DANE KONTROLNE | |
| podpole kontrolne o stałej długości | 160302b1997 pl ||||| |||| 10| 0 eng |
| 040 ## - ŹRÓDŁO KATALOGOWANIA | |
| Instytucja, która utworzyła rekord | BPK |
| Instytucja, która dokonała modyfikacji | KOSZ 005/EG |
| 041 ## - KOD JĘZYKA | |
| Kod języka tekstu | eng |
| 100 1# - NAZWA OSOBOWA | |
| Nazwa osobowa | SUSZYŃSKI, Robert. |
| Lata pracy | 1996 - . |
| Instytucja | Politechnika Koszalińska - Wydział Elektroniki, |
| Wydział | Katedra Systemów Cyfrowego Przetwarzania Sygnałów |
| 245 10 - TYTUŁ/ODPOWIEDZIALNOŚĆ | |
| Tytuł | Prototype SD modulators with switched transconductance amplifier / |
| Pozostałe elementy strefy tytułu i oznaczenia odpowiedzialności | Robert Suszyński, Krzysztof Wawryn. |
| 655 #0 - TERMIN INDEKSOWY - OKREŚLENIE RODZAJU/FORMY DOKUMENTU | |
| Określnie rodzaju/formy dokumentu | Materiały konferencyjne. |
| 700 1# - HASŁO DODATKOWE - NAZWA OSOBOWA | |
| Nazwa osobowa | WAWRYN, Krzysztof. |
| Instytucja | Politechnika Koszalińska - Wydział Elektroniki, |
| Wydział | Katedra Systemów Cyfrowego Przetwarzania Sygnałów |
| Lata pracy | 1996 - . |
| 773 0# - TYTUŁ DOKUMENTU MACIERZYSTEGO | |
| Wyrażenie wprowadzające | W : |
| Tytuł | The proceedings 13th European Conference on Circuit Theory and Design. - |
| Adres wydawniczy | Budapest (Hungary), 1997. - |
| Informacje dotyczące relacji | s. 1474-1479 |
| 942 ## - HASŁO DODATKOWE - ELEMENTY(KOHA) | |
| Typ dokumentu | Rozdział |
| Schemat klasyfikacji | Uniwersalna klasyfikacja dziesiętna |
Brak dostępnych egzemplarzy.
